|
|
|
|
| LEADER |
00000nab a2200000 a 4500 |
| 001 |
vtls000379956 |
| 003 |
SK-MaSNL |
| 005 |
20260303202227.0 |
| 008 |
111202c1990 xo 0 cze |
| 015 |
|
|
|a SNBRB19rr/mm-uuuuu
|
| 035 |
|
|
|a CL0380078
|
| 040 |
|
|
|a SNKBUCL
|b slo
|c SNKBUCL
|e AACR2
|
| 041 |
0 |
|
|a cze
|
| 044 |
|
|
|a xo
|c SK
|
| 080 |
|
|
|a 797.122.3.015
|2 1981
|
| 100 |
1 |
|
|a Bunc, Václav,
|d 1947-
|4 aut
|9 238205
|
| 245 |
1 |
0 |
|a Testování mechanické účinnosti práce na trenažérech u trénovaných kanoistů
|c V. Bunc, J. Heller
|
| 300 |
|
|
|b Tb. 5.
|
| 650 |
0 |
7 |
|a kanoistika
|2 snkbucl
|9 3240
|
| 655 |
|
7 |
|a články z novín a časopisov
|2 snkbucl
|9 267496
|
| 700 |
1 |
|
|a Heller, J.
|4 aut
|9 342343
|
| 773 |
0 |
|
|t Tréner
|g Roč. 34, č. 4 (1990), s. 209-212
|
| 850 |
|
|
|a Slovenská národná knižnica v Martine
|a MTA001
|
| 852 |
|
|
|a SNK
|b KIS3GCP
|
| 958 |
|
|
|a RK
|
| 992 |
|
|
|a RBX
|
| 999 |
|
|
|c 2178391
|d 2180321
|